Angeology : (Registro nro. 4098)

Detalles MARC
000 -LEADER
fixed length control field 00801nam a2200205Ia 4500
003 - CONTROL NUMBER IDENTIFIER
control field OSt
005 - DATE AND TIME OF LATEST TRANSACTION
control field 20250505115259.0
008 - FIXED-LENGTH DATA ELEMENTS--GENERAL INFORMATION
fixed length control field 191128t2010 ck er 000 f spa d
020 ## - INTERNATIONAL STANDARD BOOK NUMBER
International Standard Book Number 9789584224460
040 ## - CATALOGING SOURCE
Original cataloging agency CO-JMCR
Transcribing agency CO-JMCR
041 ## - LANGUAGE CODE
Language code of text/sound track or separate title spa
082 04 - DEWEY DECIMAL CLASSIFICATION NUMBER
Classification number A-N
Item number TRUa
100 1# - MAIN ENTRY--PERSONAL NAME
Personal name Trussoni, Danielle, autor
Relator term autor
9 (RLIN) 8232
245 10 - TITLE STATEMENT
Title Angeology :
Statement of responsibility, etc. El libro de las generaciones /
Medium Danielle Trussoni ; traducción de Gabriella Ellena Castellitti
260 ## - PUBLICATION, DISTRIBUTION, ETC.
Place of publication, distribution, etc. Bogotá :
Name of publisher, distributor, etc. Plantea,
Date of publication, distribution, etc. ©2010
300 ## - PHYSICAL DESCRIPTION
Extent 590 páginas ;
Dimensions 23 cm.
520 ## - SUMMARY, ETC.
Summary, etc. Evangheline ha crecido entre los muros de un convento al norte de Nueva York. Llena de vida y optimismo, utiliza toda la energía de sus veintetrés años para ser una buena monja.
650 14 - SUBJECT ADDED ENTRY--TOPICAL TERM
Topical term or geographic name entry element Novela estadounidense
General subdivision Siglo XX
9 (RLIN) 8233
942 ## - ADDED ENTRY ELEMENTS (KOHA)
Source of classification or shelving scheme Dewey Decimal Classification
Koha item type Books
Existencias
Withdrawn status Lost status Source of classification or shelving scheme Damaged status Not for loan Collection code Home library Current library Date acquired Source of acquisition Total Checkouts Full call number Barcode Date last seen Date last checked out Copy number Koha item type
    Dewey Decimal Classification     Fiction Biblioteca Pública José María del Castillo y Rada Biblioteca Pública José María del Castillo y Rada 11/28/2019 Donación 9 A-N TRUa 201811806 04/20/2026 04/20/2026 Ej. 1 Books